LEADER 01023cam a2200277 i 4500 001 991001877159707536 008 061006s2006 it 000 0 ita d 020 $a8817009024 035 $ab1344136x-39ule_inst 040 $aDip.to Filosofia$bita 082 $a500 082 0 $a306.46 100 1 $aBoncinelli, Edoardo$066462 245 12$aL'anima della tecnica /$cEdoardo Boncinelli 260 $aMilano :$bRizzoli,$c2006 300 $a171 p. ;$c17 cm 440 0$a Piccoli saggi 650 4$aTecnologia$xAspetti socio-culturali 650 4$aProgresso tecnico$xSociologia 907 $a.b1344136x$b05-12-13$c06-10-06 912 $a991001877159707536 945 $aLE005 500 BON06. 01$g1$i2005000177378$lle005$o-$pE10.00$q-$rl$s- $t0$u1$v0$w1$x0$y.i14296780$z06-10-06 945 $aLE021 500.00 BON01.01$g1$i2020000047032$lle021$op$pE10.00$q-$rn$s- $t0$u0$v0$w0$x0$y.i15562153$z05-12-13 996 $aAnima della tecnica$91098348 997 $aUNISALENTO 998 $ale005$ale020$b06-10-06$cm$da $e-$fita$git $h2$i0 LEADER 04035 am 2200733 n 450 001 9910552899703321 005 20231107204841.0 010 $a2-7132-3138-8 024 7 $a10.4000/books.editionsehess.25872 035 $a(CKB)4100000012734985 035 $a(FrMaCLE)OB-editionsehess-25872 035 $a(oapen)https://directory.doabooks.org/handle/20.500.12854/84982 035 $a(PPN)261976966 035 $a(EXLCZ)994100000012734985 100 $a20220316j|||||||| ||| 0 101 0 $afre 135 $auu||||||m|||| 181 $ctxt$2rdacontent 182 $cc$2rdamedia 183 $acr$2rdacarrier 200 10$aAltérité et identité $eIslam et christianisme en Inde /$fJackie Assayag, Gilles Tarabout 210 $aParis $cÉditions de l?École des hautes études en sciences sociales$d2020 215 $a1 online resource (366 p.) 225 1 $aPurushartha 311 $a2-7132-1228-6 330 $aL?islam et le christianisme, présents en Inde depuis plus d?un millénaire, y comptent respectivement 10 et 20 mil­lions d?adeptes (sur un total de 850 millions d?habitants). Ces deux religions du Livre se sont acclimatées aux contextes lo­caux, et leur adaptation, sous des formes plurielles, variables selon les époques, a suscité des débats sans fin parmi leurs fidèles. Un tel développement, s?il a parfois engendré des ten­sions dans les rapports inter-communautaires, ne peut se comprendre sans être replacé dans le cadre plus global des acculturations incessantes que connaît la société indienne, que ce soit celles entre mouvements religieux, ou régions, langues, castes, etc. Les auteurs des douze contributions à ce volume, qui couvrent le Nord comme le Sud de la péninsule, ont choisi d?aborder la question des musulmans et des chrétiens en Inde en mettant l?accent sur les mille et une façons dont les acteurs sociaux construisent et définissent in situ leur(s) identité(s) et leur altérité. Ils se sont intéressés aussi bien aux pratiques qu?aux controverses, en faisant appel à des disciplines variées : anthropologie, histoire, philologie, linguistique, sociologie urbaine. S?opposant aux discours que tiennent sur les chrétiens et les musulmans les militants radicaux du nationalisme hindou, cette approche souligne les spécifi­cités des formes multiples de l?islam et du christianisme indiens, désormais confrontés aux transformations de l?hindouisme et aux interrogations profondes nées d?une « modernisation » prenant l?Occident pour modèle. Ces études invitent à la comparaison avec les autres aires culturelles où s?épanouissent également ces deux religions du Livre. 606 $aReligious minorities$zIndia 606 $aIslam$zIndia 606 $aChristianity$zIndia 606 $aChristian saints$zIndia 606 $aMuslim saints$zIndia 607 $aIndia$xReligion 610 $achristianisme 610 $aidentité 610 $ahindouisme 610 $aculte 610 $aaltérité 610 $aislam 615 0$aReligious minorities 615 0$aIslam 615 0$aChristianity 615 0$aChristian saints 615 0$aMuslim saints 676 $a200/.954 700 $aAssayag$b Jackie$0639990 701 $aChaput$b Pascale$01283943 701 $aClémentin-Ojha$b Catherine$0642746 701 $aColas$b Gérard$0666673 701 $aGaborieau$b Marc$01283944 701 $aHeuzé$b Gérard$0249365 701 $aKhan$b Dominique-Sila$01283945 701 $aMallison$b Françoise$01283946 701 $aMoir$b Zawahir$01283947 701 $aMosse$b David$0696358 701 $aMurugaiyan$b Appasamy$01283948 701 $aServan-Schreiber$b Catherine$0325056 701 $aTarabout$b Gilles$01224895 701 $aAssayag$b Jackie$0639990 701 $aTarabout$b Gilles$01224895 801 0$bFR-FrMaCLE 906 $aBOOK 912 $a9910552899703321 996 $aAltérité et identité$93019205 997 $aUNINA LEADER 04573nam 22005653 450 001 9910838188803321 005 20231115084558.0 010 $a3-11-129940-6 010 $a3-11-129933-3 024 7 $a10.1515/9783111299334 035 $a(CKB)28742951400041 035 $a(MiAaPQ)EBC30883035 035 $a(Au-PeEL)EBL30883035 035 $a(DE-B1597)652988 035 $a(DE-B1597)9783111299334 035 $a(OCoLC)1408681655 035 $a(EXLCZ)9928742951400041 100 $a20231115d2023 uy 0 101 0 $aeng 135 $aur||||||||||| 181 $ctxt$2rdacontent 182 $cc$2rdamedia 183 $acr$2rdacarrier 200 10$aPoetry and Contemporary Visual Culture / Lyrik und Zeitgenössische Visuelle Kultur 205 $a1st ed. 210 1$aBerlin/Boston :$cWalter de Gruyter GmbH,$d2023. 210 4$d©2023. 215 $a1 online resource (298 pages) 225 1 $aPoetry in the Digital Age Series ;$vv.3 311 08$a3-11-221540-0 311 08$a3-11-128639-8 327 $tFrontmatter -- $tVorwort -- $tInhaltsverzeichnis -- $tPoetry and Contemporary Visual Culture / Lyrik und zeitgenössische Visuelle Kultur: An Introduction -- $t1 Sites and Sights: Modes of Contemporary Poetry -- $tHere, There, Everywhere: Situating Contemporary Multimodal Poetry -- $tVisualising Deixis in Avant-Garde and Contemporary Poetry "On and Off the Page" -- $tReading, Seeing, Clicking: Kinetic Concrete Poetry -- $tVon Überraschungseiern, Gummibärchen und anderem Eye Candy - Überlegungen zur gegenwärtigen Lyrik und den kommodifizierten Bildern -- $t2 Visibly Visual: Sociopolitical Poetry on the Web and in Films -- $tU.S. American Poetry in the Digital Age: Participation, Performance, Protest -- $tPlatformized Visual Intimacies: Visibility in Feminist Instapoetry -- $tPoetische Pluralität: Kollaborative und visuelle Strategien im Poesiefilm LESBIAN -- $t3 Viewpoints: Artistic Practices in Digital Poetry and Poetry Films -- $tOptimizing Code for Performance: Reading ./code --poetry -- $tNavigating the Poetic?Aesthetic Space of E-Poetry -- $tFinding a New Approach: The Use of Visual Images in Spoken Word Poetry Film -- $t4 Poetic Images: (Audio)Visuality in Contemporary Book Poetry -- $tVexierbild Gedicht: Schriftbildlichkeit, intermediale und interlinguale Translation in der Lyrik Heike Fiedlers und Jörg Piringers -- $t"Schneiden, Spleißen und punktgenaue Mutation!" Zu Text?Bild? Korrespondenzen im digitalen Zeitalter in Gerhard Falkners und Yves Netzhammers Ignatien -- $tFilm Techniques and Poetic Procedures in Vladan Kre?kovi?'s Poetry Collection Pariz, Teksas -- $tList of Figures -- $tAuthors 330 $aThis book's goal is to determine the significance of visual culture in the production of contemporary poetry and to sound out the insights poetry might generate into contemporary visual culture. Its main hypothesis is that poetry holds considerable potential for (post-)digital language, image, and media criticism. The visual dimensions of recent poetry encompass, for instance, kinetic writing in digital poetry, visual elements in social media poems, and (spoken and written) text-image interactions in poetry films as well as in book poetry. The articles examine these medial correlations and their political implications by asking how visual culture is applied, exposed, and debated in poetry. This volume brings together contributions by authors from various countries working in disciplines such as literary, media, and film studies, linguistics, cultural and visual culture studies, and in poetic practice. It covers poetry in English, German, Norwegian, Polish, Ukrainian, Russian, Serbian, and also multilingual works. The book thus aims to promote international exchange between poetry researchers and stimulate further investigation into current relations between poetry and visuality from additional research perspectives and languages. 410 0$aPoetry in the Digital Age Series 606 $aSOCIAL SCIENCE / General$2bisacsh 610 $aLanguage and Media Criticism. 610 $aPoetic and Sociopolitical Practices. 610 $aPoetry in the Digital Age. 610 $aVisual Culture. 615 7$aSOCIAL SCIENCE / General. 676 $a700.103 700 $aKorecka$b Magdalena Elisabeth$01434739 701 $aVorrath$b Wiebke$01434740 801 0$bMiAaPQ 801 1$bMiAaPQ 801 2$bMiAaPQ 906 $aBOOK 912 $a9910838188803321 996 $aPoetry and Contemporary Visual Culture$93590314 997 $aUNINA